Culture Générale - Série 153 - Statistiques

Statistiques générales
  • Ce quiz a été pris 334 fois
  • Le résultat moyen est 6 sur 10
Statistiques - réponses
Question Réponse % Correct
Combien de figurines de footballeurs y a-t-il au total sur un Baby-foot ? 22
82%
Au poker traditionnel, quelle est la paire la plus forte ? Paire d'as
78%
"Au bout de" quoi J.J. Goldman veut-il aller dans son tube de 1983 ? De ses rêves
76%
De quel pays Nehru fut-il Premier ministre dans les années 1940 ? Inde
76%
Quel superhéros Tobey Maguire a-t-il incarné à deux reprises au cinéma ? Spiderman
75%
Quel drapeau occupe le coin gauche des drapeaux australien et néo-zélandais ? Britannique
60%
Quelle cérémonie célèbre la majorité religieuse d'un jeune garçon juif ? Bar-mitsva
57%
En quelle année a été décrétée la fin du Service national en France ? 2001
52%
Entre 1962 et 1969, qui est "Le Saint" pour le petit écran ? Roger Moore
36%
Sous quel nom était autrefois connu le chanteur Yusuf Islam ? Cat Stevens
21%
Aucun quiz correspondant
Distribution des résultats
% des personnes avec chaque résultat
Percentile par nombre de réponses
Votre historique - résultats
Vous n’avez pas pris ce quiz